00258nam a2200109Ia 4500008004100000082001300041100001700054245003800071260002300109300000800132650000800140191201s2019 xx 000 0 und d a301bMAS aMACLVER, R M 0aSociety: An Introductory Analysis aN.DelhibMacmillan a697 aMBA